| 000 | 00728nam a2200193 i 4500 | ||
|---|---|---|---|
| 001 | 73506 | ||
| 003 | ES-MaACL | ||
| 005 | 20231218202341.0 | ||
| 007 | t| | ||
| 008 | 040908s1955 sp ||||1| spa d | ||
| 100 | 1 |
_aGómez Molleda, María Dolores, _d1922-2017 _958053 |
|
| 245 | 1 | 3 |
_aEl Marqués de la Ensenada a través de su correspondencia íntima / _cMaría Dolores Gómez Molleda. |
| 260 |
_aMadrid : _b[s.n., _c1955] ( _fNuevas Gráficas) |
||
| 300 |
_a89 p. ; _c24 cm. |
||
| 500 | _aEs separata de: Cuadernos de la Institución Teresiana, Nº2, 1955. | ||
| 600 | 1 | 4 |
_aEnsenada, Zenón de Somodevilla y Bengoechea _cMarqués de la. _9126942 |
| 852 |
_aES-MaACL _j1984-F-10 _bR.41282 |
||
| 999 |
_c73506 _d73506 |
||